Score 0/20 Timer 06:00
2 Plays Today
% Correct
Live from New York, it's Saturday Night!
99.1%
That's the news, and I am OUTTA HERE.
93.5%
We are two wild and crazy guys.
91%
We are here to pump you up!
90.7%
I'm good enough, I'm smart enough, and doggone it, people like me.
88.8%
I'm getting a little verklempt. Talk amongst yourselves.
88.5%
When you're livin' in a van down by the river.
86.3%
I can see Russia from my house.
85%
My name is Baba Wawa.
82.7%
Well, isn't that special.
81.8%
% Correct
Party on, Wayne! Party on, Garth!
78.2%
What's that? It's Pat!
75.7%
I'm Chevy Chase. And you're not!
74.5%
Would you like to touch my monkey?
64.7%
Superstar!
62.8%
By the way...it's official. I can't have children.
60.4%
You look mahvelous!
60.2%
Yeah. That's the ticket.
51.4%
I'm Gumby, dammit!
45.1%
It's always something.
37.5%
Come Together.
Have Fun.
All Virtual.
We all need to come together. Play Sporcle's virtual live trivia to have fun, connect with people, and get your trivia on. Join a live hosted trivia game for your favorite pub trivia experience done virtually. If a virtual private party is more your thing, go here for details.

You're not logged in!

Compare scores with friends on all Sporcle quizzes.
OR
Log In

Sporcle TV

Today on Sporcle TV


Watch our educational content, quiz creation guides, and fun videos on Sporcle TV.

Show Comments

Extras

Top Quizzes Today


Score Distribution

Paid Content

Your Account Isn't Verified!

In order to create a playlist on Sporcle, you need to verify the email address you used during registration. Go to your Sporcle Settings to finish the process.

Report this User

Report this user for behavior that violates our Community Guidelines.

Details: